Climate change and invasibility of the Antarctic benthos /
Đã lưu trong:
| 其他作者: | , , , , , , |
|---|---|
| 格式: | Bài viết |
| 語言: | English |
| 主題: | |
| 標簽: |
添加標簽
沒有標簽, 成為第一個標記此記錄!
|
| Thư viện lưu trữ: | Thư viện Trường Đại học Đà Lạt |
|---|
| LEADER | 01063nam a2200373 4500 | ||
|---|---|---|---|
| 001 | DLU090067009 | ||
| 005 | ##20090424 | ||
| 040 | # | # | |a DLU |b eng |
| 041 | # | # | |a eng |
| 044 | # | # | |a US |
| 245 | # | # | |a Climate change and invasibility of the Antarctic benthos / |c Richard B. Aronson ... [et al.]. |
| 653 | # | # | |a Climate change |
| 653 | # | # | |a Decapoda |
| 653 | # | # | |a Invasive species |
| 653 | # | # | |a Physiology |
| 653 | # | # | |a Polar |
| 653 | # | # | |a Predation |
| 700 | # | # | |a Aronson, Richard B. |
| 700 | # | # | |a Blake, Daniel B. |
| 700 | # | # | |a Clarke, Andrew. |
| 700 | # | # | |a Peck, Lloyd S. |
| 700 | # | # | |a Seibel, Brad A. |
| 700 | # | # | |a Thatje, Sven. |
| 700 | # | # | |a Wilga, Cheryl D. |
| 773 | # | # | |t Annual Review of Ecology, Evolution, and Systematics |g Vol. 38 (2007), p. 129-154 |
| 920 | # | # | |a Phòng Tạp chí -- Trung tâm Thông tin - Thư viện Trường Đại học Đà Lạt |
| 994 | # | # | |a DLU |
| 900 | # | # | |a True |
| 911 | # | # | |a Trương Bảo Trâm Anh |
| 925 | # | # | |a G |
| 926 | # | # | |a A |
| 927 | # | # | |a BB |
| 980 | # | # | |a Thư viện Trường Đại học Đà Lạt |